00573nam a2200205Ia 45000010006000000050017000060070003000230080041000260400025000670410008000920820017001001000021001172450090001382500014002282600050002423000019002926530024003116530015003356530017003502660720240114000931.0ta060512s1918 g b000 u 465 u aCotton College,Assam a465 a110bH 653 M aHobhouse, L.T. . 0aThe Metaphysical Theory of the State: A Criticism /cL.T.Hobhouse.hTextual Documents a1st ed. / aLondon :bGeorge Allen and Unwin Ltd ,c1918. a156p. ;c22cm. aMetaphysical Theory aPhilosophy aG-Philosophy